Miss mediation (Record no. 117485)

MARC details
000 -LEADER
fixed length control field 01136cam a2200229 4500
001 - CONTROL NUMBER
control field ABS67828
008 - FIXED-LENGTH DATA ELEMENTS--GENERAL INFORMATION
fixed length control field 040604n2004 000 0 eng u
035 ## - SYSTEM CONTROL NUMBER
System control number (Sirsi) u126426
100 ## - MAIN ENTRY--PERSONAL NAME
Personal name Bingham, T.
245 ## - TITLE STATEMENT
Title Miss mediation
260 ## - PUBLICATION, DISTRIBUTION, ETC.
Date of publication, distribution, etc. 2004
490 ## - SERIES STATEMENT
Series statement Building
Volume/sequential designation 269(8335) 4 June 2004, 51(1)
490 ## - SERIES STATEMENT
Series statement Contract Journal
Volume/sequential designation 423(6477) 26 May 2004, 30(1)
520 ## - SUMMARY, ETC.
Summary, etc. Looks at the case, "Halsey v Milton Keynes General NHS Trust" ([2004] EWCA (Civ) 576, [2004] ALL ER CD) 125 (May)) where it was established that a party can refuse to mediate when sound reasons apply for not wanting to do so. Suggests some valid excuses not to mediate, including the fact that mediation is often ineffective when the litigation is to determine an issue of law. Mediation should not apply when a claimant's position is unreasonably weak and they are attempting to use the process as a tactical ploy in a nuisance value action.
590 ## - LOCAL NOTE (RLIN)
Local note ABS
590 ## - LOCAL NOTE (RLIN)
Local note ABS
650 ## - SUBJECT ADDED ENTRY--TOPICAL TERM
Topical term or geographic name entry element MEDIATION
650 ## - SUBJECT ADDED ENTRY--TOPICAL TERM
Topical term or geographic name entry element HALSEY V MILTON KEYNES GENERAL NHS TRUST
650 ## - SUBJECT ADDED ENTRY--TOPICAL TERM
Topical term or geographic name entry element MEDIATION SCHEMES
690 ## - LOCAL SUBJECT ADDED ENTRY--TOPICAL TERM (OCLC, RLIN)
Topical term or geographic name as entry element DISPUTE RESOLUTION
9 (RLIN) 6236
942 ## - ADDED ENTRY ELEMENTS (KOHA)
Suppress in OPAC 0
Holdings
Withdrawn status Lost status Source of classification or shelving scheme Damaged status Not for loan Home library Current library Shelving location Date acquired Total Checkouts Full call number Barcode Date last seen Copy number Price effective from Koha item type
    Dewey Decimal Classification     London London Journal article 04/06/2004   ABS67828 126426-1001 06/08/2019 1 06/08/2019 Journal article